000 00946nam a22002657a 4500
001 10000
003 FISKH
005 20260325092352.0
008 260325b cb ||||| |||| 00| 0 eng d
020 _a725961012991
040 _aFISKH
_beng
_cFISKH
_dFISKH
050 _aPZ7.S7695
082 _a813.6
100 _aSpurr, Elizabeth
245 _aMickey's Christmas Carol /
_cBy Elizabeth Spurr ; Illustrations by DRI Artweorks
260 _aNew York :
_bDisney Enterprises,
_c2002.
300 _a30 pages :
_bcolor illustrations ;
_c17 cm
505 _aJ
520 _aA Disney retelling of A Christmas Carol where Scrooge McDuck learns the true meaning of Christmas after being visited by three ghosts, with Mickey Mouse and friends bringing the classic story to life.
521 8 _a500
_bLexile estimate
521 8 _aJ
_bRaz-Plus
650 _aA Christmas Carol
_vChildren's
942 _2ddc
_cBK
_n0
999 _c10000
_d10000